| 000 | 00761nam a2200229Ia 4500 | ||
|---|---|---|---|
| 001 | 731 | ||
| 003 | GE_BSU | ||
| 008 | 181216s||||||||xx |||||||||||||| ||und|| | ||
| 020 | _a978941126598 | ||
| 040 | _cGE_BSU | ||
| 080 | _a1(09)(075.8)+111.1(075.8)+316(075.8) | ||
| 100 | _aროგავა, გივი; ჭანტურია, | ||
| 245 | _aფილოსოფიის საფუძვლები | ||
| 245 | _cრედ:ვახტანგ კვარაცხელია | ||
| 260 | _aთბილისი | ||
| 260 | _bუნივერსალი | ||
| 260 | _c2009 | ||
| 300 | _a328 გვ. | ||
| 541 | _h15 ლ. | ||
| 653 | _aფილოსოფიის სახელმძღვანელოები; | ||
| 942 | _cBK | ||
| 999 |
_c34904 _d34904 |
||